|
|
|
|
| LEADER |
00000cam a2200000 c 4500 |
| 001 |
233775455 |
| 003 |
DE-627 |
| 005 |
20240329003040.0 |
| 007 |
tu |
| 008 |
970905s1997 gw ||||| m 00| ||ger c |
| 015 |
|
|
|a 97,N37,0135
|2 dnb
|
| 015 |
|
|
|a 97,A50,0227
|2 dnb
|
| 016 |
7 |
|
|a 951327291
|2 DE-101
|
| 020 |
|
|
|a 389019429X
|c : DM 56.00, sfr 56.00, S 409.00 (kart.)
|9 3-89019-429-X
|
| 035 |
|
|
|a (DE-627)233775455
|
| 035 |
|
|
|a (DE-576)061478628
|
| 035 |
|
|
|a (DE-599)GBV233775455
|
| 035 |
|
|
|a (OCoLC)845494368
|
| 035 |
|
|
|a (OCoLC)40305055
|
| 040 |
|
|
|a DE-627
|b ger
|c DE-627
|e rakwb
|
| 041 |
|
|
|a ger
|
| 044 |
|
|
|c XA-DE
|c XA-AT
|
| 084 |
|
|
|a 11
|a 14
|a 33
|2 sdnb
|
| 084 |
|
|
|a CR 6000
|2 rvk
|0 (DE-625)rvk/19034:
|
| 084 |
|
|
|a 77.85
|2 bkl
|
| 100 |
1 |
|
|a Schachl, Tonia
|4 aut
|
| 245 |
1 |
0 |
|a Transsexuell - eine sichtbare Bewegung ins Unsichtbare
|c Tonia Schachl. Mit einem Vorw. von Heiner Keupp
|
| 263 |
|
|
|a Pb. : DM 56.00, sfr 56.00, S 409.00
|
| 264 |
|
1 |
|a München
|a Wien
|b Profil-Verl.
|c 1997
|
| 300 |
|
|
|a 293 S
|c 21 cm
|
| 336 |
|
|
|a Text
|b txt
|2 rdacontent
|
| 337 |
|
|
|a ohne Hilfsmittel zu benutzen
|b n
|2 rdamedia
|
| 338 |
|
|
|a Band
|b nc
|2 rdacarrier
|
| 502 |
|
|
|a Zugl.: München, Univ., Diss., 1996
|
| 583 |
1 |
|
|a Archivierung prüfen
|c 20200919
|f DE-640
|z 2
|2 pdager
|
| 583 |
1 |
|
|a Archivierung prüfen
|c 20240324
|f DE-4165
|z 1
|2 pdager
|
| 655 |
|
7 |
|a Hochschulschrift
|0 (DE-588)4113937-9
|0 (DE-627)105825778
|0 (DE-576)209480580
|2 gnd-content
|
| 689 |
0 |
0 |
|d s
|0 (DE-588)4185937-6
|0 (DE-627)104122196
|0 (DE-576)210035889
|a Transsexualität
|2 gnd
|
| 689 |
0 |
|
|5 DE-101
|
| 689 |
1 |
0 |
|d s
|0 (DE-588)4185937-6
|0 (DE-627)104122196
|0 (DE-576)210035889
|a Transsexualität
|2 gnd
|
| 689 |
1 |
|
|5 (DE-627)
|
| 751 |
|
|
|a München
|0 (DE-588)4127793-4
|0 (DE-627)105722073
|0 (DE-576)209596570
|4 uvp
|
| 935 |
|
|
|a mkri
|
| 935 |
|
|
|i Blocktest
|
| 936 |
r |
v |
|a CR 6000
|b Sexualität, geschlechtsspezifische Differenzen
|k Psychologie
|k Differentielle Psychologie (Persönlichkeitspsychologie)
|k Sexualität, geschlechtsspezifische Differenzen
|0 (DE-627)1271443783
|0 (DE-625)rvk/19034:
|0 (DE-576)201443783
|
| 936 |
b |
k |
|a 77.85
|j Sexualpsychologie
|0 (DE-627)10641643X
|
| 951 |
|
|
|a BO
|
| ELC |
|
|
|b 1
|
| LOK |
|
|
|0 000 xxxxxcx a22 zn 4500
|
| LOK |
|
|
|0 001 3207253806
|
| LOK |
|
|
|0 003 DE-627
|
| LOK |
|
|
|0 004 233775455
|
| LOK |
|
|
|0 005 19980331000000
|
| LOK |
|
|
|0 008 971009||||||||||||||||ger|||||||
|
| LOK |
|
|
|0 040
|a DE-Frei85
|c DE-627
|d DE-Frei85
|
| LOK |
|
|
|0 852
|a DE-Frei85
|
| LOK |
|
|
|0 852 1
|m p
|9 00
|
| LOK |
|
|
|0 938
|k p
|
| LOK |
|
|
|0 939
|a 09-10-97
|b l01
|
| ORI |
|
|
|a SA-MARC-krimdoka001.raw
|